000 01489nam a2200229Ia 4500
003 Ost
005 20260507075350.0
008 260507s9999||||xx |||||||||||||| ||und||
020 _a87603279779
040 _cfsecg
041 _aara
082 _a330
100 _aعلي، أحمد شعبان محمد
_eمؤلف
245 0 _aالأزمات والمتغيرات الإقتصادية ودور القطاع المصرفي /
_c أحمد شعبان محمد علي
260 _aالإسكندرية:
_bمكتبة الوفاء القانونية,
_c2011
300 _a322 صفحة؛
_bإيضاحات ؛
_c24 سم
520 _aالأزمات المالية " سرد تاريخي "-الرقابة المصرفية على القطاع المصرفي- المتغيرات الإقتصادية المعاصرة والإقتصاد العالمي- انعكاسات المتغيرات الإقتصادية المعاصرة على الإقتصاد العالمي- انعكاسات المتغيرات الإقتصادية المعاصرة على الإقتصادات النامية - تطوير أداء البنك المركزي ودوره في البلدان النامية - التوافق مع " بازل2" ودور البنك المركزي- تفعيل التعاون بين البنوك المركزية في البلدان العربية
653 _aالأزمات
653 _aالقطاع المصرفي
653 _aالمتغيرات الإقتصادية
942 _cكتاب
999 _c44131
_d44131